LEADER 00881nam0-2200277--4450 001 9910645600403321 005 20230315160333.0 010 $a978-88-372-2433-2 100 $a20230215d2010----km-y0itay50------ba 101 0 $aita 102 $aIT 105 $ay-------001yy 200 1 $aDio unico, pluralità e monarchia divina$eesperienze religiose e teologie nel mondo tardo-antico$fGiulia Sfameni Gasparro 210 $aBrescia$cMorcelliana$d2010 215 $a280 p.$d23 cm. 225 1 $aScienze e storia delle religioni$iNuova serie$v12 610 0 $aMonoteismo$aOrigini 676 $a211.34$v22$zita 700 1$aSfameni Gasparro,$bGiulia$0155074 801 0$aIT$bUNINA$gREICAT$2UNIMARC 901 $aBK 912 $a9910645600403321 952 $aXXII Ba 15$b3102$fNAP02 959 $aNAP02 996 $aDio unico, pluralità e monarchia divina$93006466 997 $aUNINA LEADER 03832nam 22008534a 450 001 9910965728603321 005 20251116150940.0 010 $a1-135-61826-7 010 $a1-282-32115-3 010 $a9786612321153 010 $a1-4106-1034-9 035 $a(CKB)1000000000031337 035 $a(EBL)234217 035 $a(OCoLC)475940651 035 $a(SSID)ssj0000200227 035 $a(PQKBManifestationID)11204146 035 $a(PQKBTitleCode)TC0000200227 035 $a(PQKBWorkID)10220746 035 $a(PQKB)11206890 035 $a(MiAaPQ)EBC234217 035 $a(Au-PeEL)EBL234217 035 $a(CaPaEBR)ebr10084556 035 $a(CaONFJC)MIL813656 035 $a(OCoLC)936902189 035 $a(OCoLC)53138703 035 $a(FINmELB)ELB156582 035 $a(EXLCZ)991000000000031337 100 $a20030922d2004 uy 0 101 0 $aeng 135 $aur|n|---||||| 181 $ctxt 182 $cc 183 $acr 200 04$aThe media and elections $ea handbook and comparative study /$fedited by Bernd-Peter Lange, David Ward 205 $a1st ed. 210 $aMahwah, N.J. $cLawrence Erlbaum Associates$d2004 215 $a1 online resource (282 p.) 225 1 $aEuropean Institute for the Media series 300 $aDescription based upon print version of record. 311 08$a0-415-65250-2 311 08$a0-8058-4780-4 320 $aIncludes bibliographical references and indexes. 327 $aContents; Acknowledgments and Preface; Introduction; 1 Italy; 2 United States of America; 3 Germany; 4 South Africa; 5 France; 6 Russia; 7 United Kingdom; 8 Notes From an Election Observer; 9 Conclusion; 10 Media and Elections: Some Reflections and Recommendations; Appendix A: Internet Sources for Electoral Legislation, Regulation, and Court Decisions; Appendix B: The European Institute for the Media-Media and Democracy Programme; Appendix C: List of Media-Monitoring Missions Conducted by the Media and Democracy Programme of the European Institute for the Media; Contributors; Author Index 327 $aSubject Index 330 $aThis comparative study brings together academics and practitioners who work in the field of media and elections to provide a set of national case studies and an analysis of the legal and regulatory frameworks that are employed by nation states to ensure that the media perform according to certain standards during election periods. In setting out the legal and regulatory framework each chapter provides an account of the socio-political conditions and media environment in each of the countries and subsequently details the laws that govern the print and broadcast media during election campaign pe 410 0$aEuropean Institute for the Media series. 606 $aMass media$xPolitical aspects$zEurope$vCase studies 606 $aElections$zEurope$vCase studies 606 $aMass media policy$zEurope 606 $aMass media$xPolitical aspects$zUnited States 606 $aElections$zUnited States 606 $aMass media policy$zUnited States 606 $aMass media$xPolitical aspects$zSouth Africa 606 $aElections$zSouth Africa 606 $aMass media policy$zSouth Africa 615 0$aMass media$xPolitical aspects 615 0$aElections 615 0$aMass media policy 615 0$aMass media$xPolitical aspects 615 0$aElections 615 0$aMass media policy 615 0$aMass media$xPolitical aspects 615 0$aElections 615 0$aMass media policy 676 $a302.23/094 701 $aLange$b Bernd-Peter$0268848 701 $aWard$b David$f1966-$0329534 801 0$bMiAaPQ 801 1$bMiAaPQ 801 2$bMiAaPQ 906 $aBOOK 912 $a9910965728603321 996 $aThe media and elections$94492153 997 $aUNINA